000 00320nam a2200133 i 4500
001 bg
100 1 _aTYKARSKI, L.
245 0 _aRezonana magnetyczny w fizyce ciała stałego /
_cL. Tykarski.
260 _aWarszawa,
_c1990.
040 _cBPK
041 _apol
942 _cKS
008 s pl f |000 0 pol
999 _c4088
_d4088
856 _uhttp://koha.tu.koszalin.pl/cgi-bin/koha/opac-detail.pl?biblionumber=4088
_yKatalog online BPK